|
|
|
|
| LEADER |
00000nab a2200000 a 4500 |
| 001 |
vtls000440166 |
| 003 |
SK-MaSNL |
| 005 |
20260302234147.0 |
| 008 |
120926c1991 xo 0 slo |
| 015 |
|
|
|a SNBRB19rr/mm-uuuuu
|
| 035 |
|
|
|a CL0440296
|
| 040 |
|
|
|a SNKBUCL
|b slo
|c SNKBUCL
|e AACR2
|
| 041 |
0 |
|
|a slo
|
| 044 |
|
|
|a xo
|c SK
|
| 080 |
|
|
|a 75.071.1
|2 1981
|
| 080 |
|
|
|a 929 Polkoráb, Štefan
|2 1981
|
| 100 |
1 |
|
|a Vavro, Róbert
|4 aut
|9 820346
|
| 245 |
1 |
0 |
|a Maľoval u františkánov
|c Róbert Vavro
|
| 300 |
|
|
|b Obr. 1.
|
| 600 |
1 |
7 |
|a Polkoráb, Štefan,
|d 1896-1951
|2 snkbucl
|9 193357
|
| 655 |
|
7 |
|a profily
|2 snkbucl
|9 341977
|
| 655 |
|
7 |
|a články z novín a časopisov
|2 snkbucl
|9 267496
|
| 773 |
0 |
|
|t Katolícke noviny
|g Roč. 106, č. 47 (1991), s. 13
|
| 850 |
|
|
|a Slovenská národná knižnica v Martine
|a MTA001
|
| 852 |
|
|
|a SNK
|b KIS3GCP
|
| 992 |
|
|
|a RBX
|
| 999 |
|
|
|c 1549421
|d 1551351
|